| 000 | 00646nam a2200193 a 4500 | ||
|---|---|---|---|
| 005 | 20240919064716.0 | ||
| 008 | 991125s1996 mx 000 0 spa u | ||
| 035 | _aUPN01000015728 | ||
| 049 | _aCG | ||
| 050 | 4 |
_aLB1051 _bM4.4 |
|
| 100 | 1 | _aMedina Liberty, Adrián | |
| 245 | 1 | 3 |
_aLa dimensión sociocultural de la enseñanza : _bla herencia de Vygostky / _cAdrián Medina Liberty. |
| 260 |
_aMéxico : _bILCE : _bOEA, _c1996. |
||
| 300 | _a168 p. | ||
| 600 | 1 | 4 |
_aVYGOTSKI, LEV SEMYNOVICH, _d1896-1934 - _xCRITICA E INTERPRETACION _92259 |
| 650 | 4 |
_aEducación _xAspectos sociales _95311 |
|
| 650 | 4 |
_aPsicología educativa _95197 |
|
| 905 | _aLibro | ||
| 999 |
_c15728 _d15728 |
||